000 00195 a2200097 4500
001 42693
100 _aFarran
245 _aWinged dagger
260 _aLondon
_bCollins
_c
090 _c26587
_d26587
942 _aNUST-CAE
_cM
_c18432
999 _c277766
_d277766